000 00715nam a22002057a 4500
999 _c61831
_d61831
005 20240522164335.0
008 240522s2005 enk||||| |||| 00| 0 eng d
020 _a9780721601397x
080 _a616.43 C-51
100 _aClark, Orlo
_922151
245 _aTextbook of Endocrine Surgery /
_cOrlo Clark, Quan-Yang Duh, Electron Kebebew.
250 _a2nd Edition
264 _aPhiladelphia :
_bSaunders,
_c2005.
300 _a828 p.:
_bill.;
_c29 cm.
653 _aენდოკრინული ქირურგია
653 _aმედიცინა
700 _aDuh, Quan-Yang
_eავტორი
_922152
700 _aKebebew, Electron
_eავტორი
_922153
942 _2udc
_cᲬᲘᲒᲜᲘ